000 00583nam a2200193Ia 4500
005 20250326141720.0
008 250326s9999 xx 000 0 und d
037 _aTextbook
040 _aFMSL
_beng
_cFMSL
041 _aeng
_2eng
084 _aX0bD658(B).44N90 NO.2
_qFMSL
100 _aChandhok H L
245 0 _aIndia database the economy : Annual time series data
_cChandhok H L
260 _aNew Delhi
_bNew Delhi, Living Media Books
_c1990
300 _a615p
490 _vVol II
942 _cTB
_hX0bD658(B).44N90 NO.2
999 _c1291632
_d1291632